000 00287nam a22001337a 4500
008 170222b xxu||||| |||| 00| 0 eng d
020 _a9780323009935
041 _aeng
080 _a616 31
100 _a5
101 _aSHS
245 _aDENTAL HYGIENE
_cDANILEL.S.J
942 _2udc
_cBK
999 _c6048
_d6048